Central Library OPAC University of Rajshahi

Nur Jahan and Jahangir / (Record no. 26210)

MARC details
000 -LEADER
fixed length control field 01005cam a22002891 4500
001 - CONTROL NUMBER
control field 26210
003 - CONTROL NUMBER IDENTIFIER
rucl marc code BD-RjUL
005 - DATE AND TIME OF LATEST TRANSACTION
control field 20211209051003.0
008 - FIXED-LENGTH DATA ELEMENTS--GENERAL INFORMATION
fixed length control field 140320s1950 ii a b 000 1 eng
035 ## - SYSTEM CONTROL NUMBER
System control number (BD-RjUL)26280
System control number (OCoLC)6179739
040 ## - CATALOGING SOURCE
Original cataloging agency DLC
Transcribing agency AzU
Modifying agency DLC
-- BD-RjUL
Language of cataloging eng
041 ## - LANGUAGE CODE
Language code of text/sound track or separate title eng
082 ## - DEWEY DECIMAL CLASSIFICATION NUMBER
Classification number 954.0234
Author mark and year CAN 1950
100 1# - MAIN ENTRY--PERSONAL NAME
Personal name Caunter, Robert.
9 (RLIN) 80582
245 10 - TITLE STATEMENT
Title Nur Jahan and Jahangir /
Statement of responsibility, etc. by Robert Caunter, Mountstuart Elphinstone [and] Stanley Lane-Poole.
260 ## - PUBLICATION, DISTRIBUTION, ETC. (IMPRINT)
Place of publication, distribution, etc. Calcutta :
Name of publisher, distributor, etc. Susil Gupta,
Date of publication, distribution, etc. c1950.
300 ## - PHYSICAL DESCRIPTION
Pagination 107 p. [4 ] :
Illustrations ill. ;
Size 18 cm.
504 ## - BIBLIOGRAPHY, ETC. NOTE
Bibliography, etc Bibliographical footnotes.
600 00 - SUBJECT ADDED ENTRY--PERSONAL NAME
Personal name Nūr Jahān,
Titles and other words associated with a name Empress, consort of Jahangir, Emperor of Hindustan,
Dates associated with a name -1645
General subdivision Fiction.
Personal name Jahangir,
Titles and other words associated with a name Emperor of Hindustan,
Dates associated with a name 1569-1627
General subdivision Fiction.
700 1# - ADDED ENTRY--PERSONAL NAME
Personal name Elphinstone, Mountstuart,
Dates associated with a name 1779-1859.
Personal name Lane-Poole, Stanley,
Dates associated with a name 1854-1931.
942 ## - ADDED ENTRY ELEMENTS (KOHA)
Source of classification or shelving scheme Dewey Decimal Classification
Koha item type Books
Holdings
Lost status Source of classification or shelving scheme Damaged status Not for loan Collection code Permanent Location Current Location Shelving location Date acquired Source of acquisition Cost, normal purchase price Total Checkouts Full call number Date last seen Copy number Koha item type
  Dewey Decimal Classification   Added to bundle Non-fiction Central Library, University of Rajshahi Central Library, University of Rajshahi Reading Room 19/02/1957 Book Center 4.00   954.0234 CAN 1950 20/03/2014 C-1 Books